00958nam a22002417a 450000500170000001000150001702000270003203500140005903700090007308200110008224501750009326000610026827000480032930000240037750000190040165000280042065000230044870000350047170000340050694200250054099900190056595201320058420260507151609.0 aENG-148395 c2640.00a9788196364762 aEN-131927 bDBAD a305.44 aThe Written Legacy of Dr. B.R. Ambedkar :cedited by Siva Prasad Senapathi [and] Santosh Mohan Jangamba bibliographic journey navigating through the languages of india  aKolKatabCentral Reference Library, Govt. of Indiac2025 aBelvedere Estate, Alipore,bKolKatae700027 aiv,1221p.c28cm(Hb) aIncludes index aPublic libraries989023 aDirectories989024 aSenapathi ,Siva Prasad 989025 aJangam, Santosh Mohan 989028 2ddccENh305.44mAMB c216097d216097 001040718REFaZLSbZLSd2026-05-07eDBADg2640.00l0o305.44 AMBpEN-131927r2026-05-07 15:17:05t1v2640.00w2026-05-07yEN